00612nam a2200169 a 4500003000200000005001700002008004100019050002900060100003100089245008300120260009000203300002300293504004100316650004000357650002300397650002200420020250408083615.0071121s19uu xx 00 eng d aPHS HQ 755.85b.F63 2007 aFlores, Richard Daniels Y. aBehavior of students from small and big families /cRichard Daniels Y. Flores. aLas Piñas City, Philippines :bSouthville International School and Colleges,c2007. a22 pages ;c28 cm. aIncludes bibliographical references. aFamily sizexPsychological aspects. aFamilyxInfluence. aStudent behavior.